Die Entscheidung zur Gründung der evangelisch-augsburgischen Kirchengemeinde Sobiesęki im Jahr 1818

Titel: Die Entscheidung zur Gründung der evangelisch-augsburgischen Kirchengemeinde Sobiesęki im Jahr 1818
Verfasser:
Beteiligt:
In: Zeitschrift für ostdeutsche Familiengeschichte, Band 61, Heft 4 (2013), Seite 129-136
alle Artikel anzeigen
Veröffentlicht: 2013
Format: Aufsatz
Sprache: Deutsch
Kein Bild verfügbar
X
alg: 39278740
001A    $01999:11-11-16 
001B    $01999:21-05-21 $t16:56:02.000 
001C    $06050:21-11-16 $t21:02:33.000 
001D    $01999:11-11-16 
001U    $0utf8 
001X    $00 
002@    $0Aox 
003@    $0392787407 
007A    $0392787407 $aHEB 
007T    $0Herdc0104182m 
010@    $ager 
011@    $a2013 
021A    $aDie @Entscheidung zur Gründung der evangelisch-augsburgischen Kirchengemeinde Sobiesęki im Jahr 1818 
028A    $aFrantz $dJürgen 
028B/01 $aPechner $dDieter 
031A    $d61 $e4 $h129-136 $j2013 
039B    $aIn $8--Abvc--. Zeitschrift für ostdeutsche Familiengeschichte. - Herne : AGoFF, 2010-. - ISSN 2190-7145 $x201300000610004871 $922184872X 
045F    $a200.9438 $eDDC23BSB 
045F/01 $a200.9 
045F/03 $g438 
045F/03 $g43849 
045T    $a8 $a8,1 

lok: 39278740 78

exp: 39278740 78 1 #EPN
201B/01 $019-04-17 $t11:34:23.000 
201U/01 $0utf8 
203@/01 $0788897578 
208@/01 $a11-11-16 $be 
209A/01 $a/ $f000 $x00 
220C/01 $aTitelaufnehmer: pg 
220C/01 $aHerkunft: HI Marburg 
244Z/01 $2Trx $#Großpolen $#Greater Poland $#Velkopolsko $8--Trx--Wielkopolska $x01 $9391277227 
244Z/01 $2Trx $#Poola $#Lenkija $#Polija $#Polen Land $#Poland $#Lengyelország $#Poľsko $#Polsko $8--Trx--Polska$gkraj $x02 $9391345966 
244Z/01 $2Trx $8--Trx--Sobiesęki$gKalisz $x03 $9391335456 
244Z/01 $aGeschichte 1818 $x04 
244Z/01 $2Trx $#kogudused $#parapijos $#parishes $#gyülekezetek $#parafie $#farnosti $#farnosti $#Pfarreien $#fary $8--Trx--Kirchengemeinden $x05 $9391369407 
244Z/01 $2Trx $#valitsemine, kiriku $#bažnyčios administracija $#administration, clerical $#közigazgatás, egyházi $#administracja kościelna $#správa, cirkevná $#správa církevní $#Kirchenverwaltung $8--Trx--Verwaltung, kirchliche $x06 $9391370561 
244Z/01 $2Trx $#kirikud, evangeelsed $#bažnyčios, evangelikų $#Churches, Protestant $#templomok, evangélikus $#kościoły ewangelickie $#cirkvi evanjelické $#církve evangelické $#kościół ewangelicko-augsburski $#kościół ewangelicko-luterański $#kościół luterański $8--Trx--Kirchen, evangelische $x07 $9391382926 
244Z/01 $2Trx $8--Trx--Zeitschriftenaufsatz $x08 $9391384341 
245Z/01 $a10.02.02.02 $x01 
247C/01 $82080>Marburg/Lahn, Herder-Institut, Forschungsbibliothek, Bibliographieportal $9336309341
LEADER 00000caa a22000002c 4500
001 392787407
003 DE-603
005 20210521165602.0
007 tu
008 161111s2013 xx |||| | u00||u|ger c
035 |a (DE-599)HEB392787407 
040 |a DE-603  |b ger  |c DE-603  |d DE-603 
041 |a ger 
082 0 4 |8 1\u  |a 200.9438  |q DE-101  |2 23/BSB 
084 |a 8  |a 8,1  |2 ssgn 
085 |8 1\u  |b 200.9 
085 |8 1\u  |z 2  |s 438 
085 |8 1\u  |z 2  |s 43849 
100 1 |a Frantz, Jürgen 
245 0 0 |a ˜Dieœ Entscheidung zur Gründung der evangelisch-augsburgischen Kirchengemeinde Sobiesęki im Jahr 1818 
264 0 |c 2013 
700 1 |a Pechner, Dieter 
773 0 8 |i In  |t Zeitschrift für ostdeutsche Familiengeschichte  |d Herne : AGoFF, 2010-  |h 24 cm  |x 2190-7145  |g Band 61, Heft 4 (2013), Seite 129-136  |w (DE-603)22184872X  |w (DE-600)2545295-2 
924 0 |9 2080  |a (DE-603)788897578  |b DE-2080  |c HES  |d d  |g /